|
|
|
|
| LEADER |
00000nam0a2200000 4500 |
| 001 |
60839 |
| 005 |
20231101211915.0 |
| 010 |
|
|
|a 5282001233
|
| 035 |
|
|
|a (RuTPU)RU\TPU\book\64327
|
| 090 |
|
|
|a 60839
|
| 100 |
|
|
|a 20040220d1990 k y0rusy50 ca
|
| 101 |
0 |
|
|a rus
|
| 102 |
|
|
|a RU
|
| 105 |
|
|
|a y z 001zy
|
| 200 |
1 |
|
|a Оценка эффективности промышленного производства. Методы и показатели
|f Р. М. Петухов
|
| 210 |
|
|
|a Москва
|c Экономика
|d 1990
|
| 215 |
|
|
|a 95 с.
|
| 320 |
|
|
|a Библиогр.: с. 94.
|
| 606 |
1 |
|
|a Промышленные объединения
|x Экономическая эффективность
|2 stltpush
|3 (RuTPU)RU\TPU\subj\52526
|9 70938
|
| 606 |
1 |
|
|a Производственный процесс
|x Автоматизированный анализ
|2 stltpush
|3 (RuTPU)RU\TPU\subj\71570
|9 85427
|
| 610 |
1 |
|
|a промышленные предприятия
|
| 610 |
1 |
|
|a промышленное производство
|
| 610 |
1 |
|
|a оценка
|
| 610 |
1 |
|
|a показатели
|
| 610 |
1 |
|
|a методы
|
| 610 |
1 |
|
|a качество
|
| 675 |
|
|
|a 658.511
|v 3
|
| 700 |
|
1 |
|a Петухов
|b Р. М.
|g Рэм Михайлович
|
| 801 |
|
1 |
|a RU
|b 63413507
|c 20040220
|g PSBO
|
| 801 |
|
2 |
|a RU
|b 63413507
|c 20160411
|g PSBO
|
| 942 |
|
|
|c BK
|